000 01369cam a2200313 a 4500
001 1997
003 FISKH
005 20250820110758.0
008 081113s2009 ilua j b 001 0 eng
010 _a 2008049205
020 _a9781432927448 (hc)
020 _a9781432957964
040 _aDLC
_cDLC
_dDLC
_beng
050 0 0 _aQB521.5
_b.G85 2009
082 0 0 _a523.7
_222
100 1 _aGuillain, Charlotte.
245 1 4 _aThe sun /
_cCharlotte Guillain.
260 _aChicago :
_bAcorn,
_c2009.
300 _a24 pages :
_bcolor illustrations ;
_c18 × 21 cm
490 0 _aSpace
505 0 _aF
520 _aRead this book to find out about the Sun in our Solar System. Books in this series introduce children to outer space. Each book uses simple, repetitive text to teach children basic vocabulary, and includes stunning photographs and artwork to show the main features of our Solar System. In The Sun, children learn what the Sun is, what it is made of, and how it influences the planets in the Solar System.
521 8 _a320
_bLexile
521 8 _aF
_bRaz-Plus
651 0 _aSun
_vJuvenile literature.
906 _a7
_bcbc
_corignew
_d1
_eecip
_f20
_gy-gencatlg
942 _2ddc
_cBK
_n0
999 _c1997
_d1997